| 000 | 00879nam a22001817a 4500 | ||
|---|---|---|---|
| 003 | NUST | ||
| 005 | 20221121101141.0 | ||
| 020 | _a9789332901605 | ||
| 082 | _a621.381,MAH | ||
| 100 |
_aMahapatra, S.C _9103232 |
||
| 245 |
_aPrinciples of Electromagnetics / _cS.C Mahapatra, Sudipta Mahapatra |
||
| 250 | _a2nd Edition | ||
| 260 |
_aMcGraw Hill _bIndia _c2015 |
||
| 300 | _axxi, 825 p | ||
| 505 | _aIntroductory topics (Page-1), Static electric fields (Page-55), The steady conduction current (Page-190), Magnetic fields due to stationary currents (Page-217), Solution of boundary value problems (Page-355), Time varying electric and magnetic fields (Page-418), The uniform plane electromagnetic wave (Page-477), Two conductor transmission lines (Page-574), Wavegides (Page-639), Radiation from antennas (Page-718), | ||
| 650 |
_aElectromagnetics _9103233 |
||
| 942 |
_2ddc _cBK |
||
| 999 |
_c592455 _d592455 |
||